[Event "FRA-ch Youth U16 2018"]
[Site "Agen"]
[Date "2018.04.19"]
[Round "6"]
[White "Grall, Alba"]
[Black "Aubert, Estee"]
[Result "1-0"]
[WhiteElo "1855"]
[BlackElo "1892"]
[Annotator "NA"]
[PlyCount "129"]
[EventDate "2018.??.??"]
[EventType "swiss"]
[EventCountry "FRA"]
[SourceTitle "playchess.com"]
[Source "ChessBase"]
[SourceQuality "1"]
[TimeControl "5400+30"]

1. e4 {[%emt 0:00:00]} e6 {[%emt 0:00:08]} 2. d4 {[%emt 0:00:00]} d5 {[%emt 0:00:05]} 3. Bd3 {[%emt 0:01:09]} dxe4 {[%emt 0:00:27]} 4. Bxe4 {[%emt 0:00:08]} c5 {[%emt 0:00:18]} 5. Ne2 {[%emt 0:02:11]} Nf6 {[%emt 0:00:15]} 6. Bf3 {[%emt 0:00:47]} Nc6 {[%emt 0:00:46]} 7. Be3 {[%emt 0:08:50]} e5 {[%emt 0:22:51]} 8. Bxc6+ {[%emt 0:06:10]} bxc6 {[%emt 0:00:09]} 9. dxe5 {[%emt 0:06:04]} Qxd1+ {[%emt 0:00:25]} 10. Kxd1 {[%emt 0:00:15]} Ng4 {[%emt 0:00:20]} 11. Nd2 {[%emt 0:06:55]} Ba6 {[%emt 0:16:13]} 12. Nf3 {[%emt 0:10:54]} O-O-O+ {[%emt 0:04:34]} 13. Ke1 {[%emt 0:02:04]} Nxe3 {[%emt 0:00:26]} 14. fxe3 {[%emt 0:00:05]} g6 {[%emt 0:02:07]} 15. Nc3 {[%emt 0:02:02]} Bh6 {[%emt 0:01:14]} 16. Kf2 {[%emt 0:02:17]} g5 {[%emt 0:10:09]} 17. h3 {[%emt 0:02:00]} Kc7 {[%emt 0:09:00]} 18. Rad1 {[%emt 0:03:36]} Bg7 {[%emt 0:12:14]} 19. Ne4 {[%emt 0:08:28]} h6 {[%emt 0:01:38]} 20. Nxc5 {[%emt 0:01:58]} Bc8 {[%emt 0:00:06]} 21. Rxd8 {[%emt 0:10:32]} Rxd8 {[%emt 0:00:24]} 22. Ke2 {[%emt 0:00:29]} Rd5 {[%emt 0:00:47]} 23. Nd3 {[%emt 0:00:24]} Ra5 {[%emt 0:02:54]} 24. a3 {[%emt 0:01:08]} c5 {[%emt 0:00:40]} 25. Rf1 {[%emt 0:04:13]} Be6 {[%emt 0:02:06]} 26. Rd1 {[%emt 0:07:01]} c4 {[%emt 0:02:30]} 27. Nf2 {[%emt 0:02:31]} c3 {[%emt 0:02:53]} 28. b3 {[%emt 0:00:24]} Rc5 {[%emt 0:03:21]} 29. a4 {[%emt 0:00:53]} Bf5 {[%emt 0:01:33]} 30. e4 {[%emt 0:02:03]} Be6 {[%emt 0:00:12]} 31. Nd3 {[%emt 0:00:29]} Ra5 {[%emt 0:00:29]} 32. Ke3 {[%emt 0:00:41]} Bc8 {[%emt 0:01:59]} 33. Kd4 {[%emt 0:00:35]} Bb7 {[%emt 0:00:31]} 34. Re1 {[%emt 0:00:27]} f6 {[%emt 0:00:49]} 35. Kxc3 {[%emt 0:00:24]} fxe5 {[%emt 0:00:08]} 36. Kd2 {[%emt 0:00:59]} Kd6 {[%emt 0:00:21]} 37. Ke3 {[%emt 0:00:47]} Ke7 {[%emt 0:00:52]} 38. Nd2 {[%emt 0:00:41]} Ba6 {[%emt 0:02:12]} 39. Nb2 {[%emt 0:00:56]} Rc5 {[%emt 0:00:32]} 40. Nbc4 {[%emt 0:00:30]} Ke6 {[%emt 0:00:15]} 41. Rf1 {[%emt 0:02:07]} Rc7 {[%emt 0:01:11]} 42. g4 {[%emt 0:00:52]} Rc8 {[%emt 0:00:22]} 43. Ke2 {[%emt 0:00:48]} Rd8 {[%emt 0:00:21]} 44. Rf3 {[%emt 0:01:00]} Bf8 {[%emt 0:00:24]} 45. Rd3 {[%emt 0:00:56]} Rd4 {[%emt 0:01:16]} 46. Rxd4 {[%emt 0:00:26]} exd4 {[%emt 0:00:03]} 47. Kd3 {[%emt 0:00:21]} Bc5 {[%emt 0:00:27]} 48. Nf3 {[%emt 0:00:22]} Bb6 {[%emt 0:00:33]} 49. Nxd4+ {[%emt 0:00:18]} Kf6 {[%emt 0:00:11]} 50. e5+ {[%emt 0:01:54]} Kg6 {[%emt 0:00:28]} 51. Ke3 {[%emt 0:01:01]} Bc5 {[%emt 0:00:15]} 52. c3 {[%emt 0:01:20]} Bf8 {[%emt 0:00:44]} 53. Nc6 {[%emt 0:00:26]} Bc5+ {[%emt 0:00:09]} 54. Ke4 {[%emt 0:01:02]} Kf7 {[%emt 0:01:05]} 55. Kd5 {[%emt 0:00:11]} Bf8 {[%emt 0:00:35]} 56. e6+ {[%emt 0:00:25]} Kf6 {[%emt 0:00:14]} 57. Nd2 {[%emt 0:00:52]} Bd3 {[%emt 0:01:00]} 58. Nxa7 {[%emt 0:00:50]} Bc2 {[%emt 0:00:38]} 59. Nc6 {[%emt 0:00:24]} Bd3 {[%emt 0:00:19]} 60. a5 {[%emt 0:00:25]} Ba3 {[%emt 0:00:45]} 61. Kd4 {[%emt 0:00:57]} Ba6 {[%emt 0:00:13]} 62. Kd5 {[%emt 0:00:20]} Bd3 {[%emt 0:00:19]} 63. c4 {[%emt 0:00:37]} Bf8 {[%emt 0:00:42]} 64. a6 {[%emt 0:00:10]} Be2 {[%emt 0:00:43]} 65. a7 1-0

[Event "FRA-ch Youth U16 2018"]
[Site "Agen"]
[Date "2018.04.19"]
[Round "6"]
[White "Gospodaru, Teodora"]
[Black "Sabiani, Chjara"]
[Result "0-1"]
[WhiteElo "1784"]
[BlackElo "1723"]
[Annotator "NA"]
[PlyCount "82"]
[EventDate "2018.??.??"]
[EventType "swiss"]
[EventCountry "FRA"]
[SourceTitle "playchess.com"]
[Source "ChessBase"]
[SourceQuality "1"]
[TimeControl "5400+30"]

1. d4 {[%emt 0:00:00]} Nf6 {[%emt 0:00:10]} 2. c4 {[%emt 0:00:00]} g6 {[%emt 0:00:06]} 3. f3 {[%emt 0:00:00]} Nh5 {[%emt 0:00:14]} 4. e4 {[%emt 0:02:22]} e5 {[%emt 0:00:35]} 5. Be3 {[%emt 0:04:23]} Bb4+ {[%emt 0:00:26]} 6. Nc3 {[%emt 0:00:52]} exd4 {[%emt 0:00:44]} 7. Bxd4 {[%emt 0:00:42]} O-O {[%emt 0:00:09]} 8. g4 {[%emt 0:02:50]} Ng7 {[%emt 0:10:18]} 9. Nge2 {[%emt 0:03:19]} Nc6 {[%emt 0:00:44]} 10. Be3 {[%emt 0:02:13]} Ne5 {[%emt 0:01:27]} 11. Nd4 Ne6 {[%emt 0:14:00]} 12. Be2 {[%emt 0:10:31]} b6 {[%emt 0:20:24]} 13. h4 {[%emt 0:25:20]} Ba6 {[%emt 0:01:53]} 14. Ndb5 {[%emt 0:09:12]} c6 {[%emt 0:09:09]} 15. Qa4 {[%emt 0:06:59]} Be7 {[%emt 0:09:02]} 16. O-O-O {[%emt 0:04:31]} Nc5 {[%emt 0:08:05]} 17. Bxc5 {[%emt 0:00:37]} Bxc5 {[%emt 0:00:33]} 18. Nd4 {[%emt 0:00:48]} Bxc4 {[%emt 0:08:11]} 19. Bxc4 {[%emt 0:00:06]} b5 {[%emt 0:00:00]} 20. Ncxb5 {[%emt 0:10:54]} cxb5 {[%emt 0:00:21]} 21. Qxb5 {[%emt 0:00:29]} Bxd4 22. Rxd4 {[%emt 0:00:17]} Nxf3 {[%emt 0:03:14]} 23. Rxd7 {[%emt 0:01:00]} Qc8 {[%emt 0:02:03]} 24. Kb1 {[%emt 0:04:29]} Ne5 {[%emt 0:01:52]} 25. Rd4 {[%emt 0:00:04]} Nxc4 {[%emt 0:01:29]} 26. Qxc4 {[%emt 0:00:12]} Qxg4 {[%emt 0:00:28]} 27. e5 {[%emt 0:02:00]} Qf5+ {[%emt 0:00:16]} 28. Re4 {[%emt 0:00:04]} Rac8 {[%emt 0:00:44]} 29. Qe2 {[%emt 0:00:21]} Rfd8 {[%emt 0:00:27]} 30. Rf1 {[%emt 0:01:01]} Rd2 {[%emt 0:03:38]} 31. Rxf5 {[%emt 0:01:57]} Rxe2 32. Rxe2 gxf5 33. Rf2 {[%emt 0:00:22]} Rc4 {[%emt 0:00:05]} 34. h5 {[%emt 0:00:50]} f4 35. h6 {[%emt 0:03:39]} Re4 {[%emt 0:02:36]} 36. Kc2 {[%emt 0:00:24]} Rxe5 {[%emt 0:00:29]} 37. Rxf4 {[%emt 0:00:04]} Re6 {[%emt 0:00:37]} 38. Rh4 {[%emt 0:02:21]} f5 {[%emt 0:00:59]} 39. Kd3 {[%emt 0:00:19]} Kf7 {[%emt 0:00:07]} 40. Rh3 {[%emt 0:02:07]} Kg6 {[%emt 0:00:58]} 41. Kd4 {[%emt 0:01:59]} Kg5 {[%emt 0:00:50]} 0-1

[Event "FRA-ch Youth U16 2018"]
[Site "Agen"]
[Date "2018.04.19"]
[Round "6"]
[White "Pionnier, Camille"]
[Black "Boulart, Emilie"]
[Result "1-0"]
[WhiteElo "1744"]
[BlackElo "1781"]
[Annotator "NA"]
[PlyCount "82"]
[EventDate "2018.??.??"]
[EventType "swiss"]
[EventCountry "FRA"]
[SourceTitle "playchess.com"]
[Source "ChessBase"]
[SourceQuality "1"]
[TimeControl "5400+30"]

1. d4 {[%emt 0:00:00]} d5 {[%emt 0:00:08]} 2. c4 {[%emt 0:00:00]} dxc4 {[%emt 0:00:09]} 3. Nf3 {[%emt 0:00:00]} Nf6 {[%emt 0:00:14]} 4. e3 {[%emt 0:00:00]} e6 {[%emt 0:00:30]} 5. Bxc4 {[%emt 0:00:05]} a6 {[%emt 0:00:10]} 6. Qe2 {[%emt 0:00:27]} c5 {[%emt 0:00:50]} 7. dxc5 {[%emt 0:00:35]} Bxc5 {[%emt 0:00:24]} 8. O-O {[%emt 0:00:12]} O-O {[%emt 0:00:29]} 9. e4 {[%emt 0:01:05]} h6 {[%emt 0:10:48]} 10. e5 {[%emt 0:04:23]} Nfd7 {[%emt 0:08:08]} 11. Nc3 {[%emt 0:07:25]} Qc7 {[%emt 0:02:24]} 12. Bf4 {[%emt 0:08:56]} Nc6 {[%emt 0:02:26]} 13. Qe4 {[%emt 0:06:22]} Rd8 {[%emt 0:04:36]} 14. Rac1 {[%emt 0:08:37]} Ba7 {[%emt 0:07:11]} 15. Bd3 {[%emt 0:11:22]} Nf8 {[%emt 0:00:15]} 16. Ne2 {[%emt 0:01:05]} Qa5 {[%emt 0:13:05]} 17. Bb1 {[%emt 0:30:33]} Qd5 {[%emt 0:14:29]} 18. Qc2 {[%emt 0:01:45]} Bd7 {[%emt 0:05:53]} 19. Rfd1 {[%emt 0:03:15]} Qb5 {[%emt 0:03:39]} 20. Nc3 {[%emt 0:00:46]} Qc4 {[%emt 0:03:46]} 21. Ne4 {[%emt 0:02:46]} Qxc2 {[%emt 0:04:12]} 22. Rxc2 {[%emt 0:00:04]} g5 {[%emt 0:01:03]} 23. Bg3 {[%emt 0:07:09]} Be8 {[%emt 0:01:26]} 24. Nd6 {[%emt 0:01:48]} Ng6 {[%emt 0:02:33]} 25. Re2 {[%emt 0:02:45]} Bc5 {[%emt 0:09:59]} 26. Bxg6 {[%emt 0:00:48]} fxg6 {[%emt 0:00:10]} 27. Red2 {[%emt 0:00:26]} g4 {[%emt 0:00:08]} 28. Ne1 {[%emt 0:00:34]} b6 {[%emt 0:01:20]} 29. Nd3 {[%emt 0:00:32]} Bd4 {[%emt 0:02:27]} 30. Nf4 {[%emt 0:00:37]} Bxe5 {[%emt 0:01:29]} 31. Nxe6 {[%emt 0:00:11]} Rxd6 {[%emt 0:00:33]} 32. Rxd6 {[%emt 0:00:06]} Bxd6 {[%emt 0:00:10]} 33. Rxd6 {[%emt 0:00:10]} Rc8 {[%emt 0:01:11]} 34. h3 {[%emt 0:00:57]} gxh3 {[%emt 0:00:38]} 35. gxh3 {[%emt 0:00:02]} Kf7 {[%emt 0:00:16]} 36. Nf4 {[%emt 0:00:16]} Kg7 {[%emt 0:00:06]} 37. Nd5 {[%emt 0:00:44]} b5 {[%emt 0:00:33]} 38. Nf6 {[%emt 0:00:47]} Bf7 {[%emt 0:00:20]} 39. Nd5 Be8 {[%emt 0:01:15]} 40. Kg2 {[%emt 0:01:38]} a5 {[%emt 0:00:29]} 41. Nf4 {[%emt 0:00:45]} g5 1-0

[Event "FRA-ch Youth U16 2018"]
[Site "Agen"]
[Date "2018.04.19"]
[Round "6"]
[White "Diez, Ambre"]
[Black "Francois, Gwladys"]
[Result "1/2-1/2"]
[WhiteElo "1701"]
[BlackElo "1765"]
[Annotator "NA"]
[PlyCount "73"]
[EventDate "2018.??.??"]
[EventType "swiss"]
[EventCountry "FRA"]
[SourceTitle "playchess.com"]
[Source "ChessBase"]
[SourceQuality "1"]
[TimeControl "5400+30"]

1. e4 {[%emt 0:00:00]} c5 {[%emt 0:00:26]} 2. Nc3 {[%emt 0:00:00]} Nc6 {[%emt 0:00:32]} 3. g3 {[%emt 0:00:00]} g6 {[%emt 0:00:45]} 4. Bg2 {[%emt 0:00:04]} Bg7 {[%emt 0:00:34]} 5. d3 {[%emt 0:00:16]} d6 {[%emt 0:00:44]} 6. Be3 {[%emt 0:00:26]} e6 {[%emt 0:01:49]} 7. Qd2 {[%emt 0:01:45]} Rb8 {[%emt 0:02:36]} 8. Nge2 {[%emt 0:02:01]} Nd4 {[%emt 0:00:49]} 9. Nd1 {[%emt 0:00:24]} b5 {[%emt 0:07:18]} 10. c3 {[%emt 0:01:25]} Nxe2 {[%emt 0:00:16]} 11. Qxe2 {[%emt 0:01:38]} Ne7 {[%emt 0:03:49]} 12. h4 {[%emt 0:04:19]} h5 {[%emt 0:11:22]} 13. O-O {[%emt 0:05:59]} O-O {[%emt 0:07:23]} 14. d4 {[%emt 0:01:27]} Qc7 {[%emt 0:00:12]} 15. Qd2 {[%emt 0:11:12]} Kh7 {[%emt 0:06:19]} 16. f4 {[%emt 0:06:46]} Bb7 {[%emt 0:05:07]} 17. Nf2 {[%emt 0:06:23]} f5 {[%emt 0:02:34]} 18. Nh3 {[%emt 0:03:41]} Bh6 {[%emt 0:03:15]} 19. e5 {[%emt 0:08:10]} c4 {[%emt 0:03:20]} 20. exd6 {[%emt 0:17:07]} Qxd6 {[%emt 0:00:15]} 21. Rfe1 {[%emt 0:01:30]} Bxg2 {[%emt 0:02:06]} 22. Kxg2 {[%emt 0:01:14]} Nd5 {[%emt 0:00:51]} 23. a3 {[%emt 0:01:35]} a5 {[%emt 0:01:54]} 24. Qe2 {[%emt 0:04:21]} Rfe8 {[%emt 0:02:37]} 25. Bd2 {[%emt 0:00:51]} Nf6 {[%emt 0:07:56]} 26. Nf2 {[%emt 0:02:57]} Bg7 {[%emt 0:01:32]} 27. Qf3 {[%emt 0:01:05]} Nd5 {[%emt 0:00:56]} 28. Qe2 {[%emt 0:00:30]} Qc6 {[%emt 0:02:47]} 29. Qf3 {[%emt 0:01:05]} Kg8 {[%emt 0:00:51]} 30. Nh3 {[%emt 0:01:16]} Bf6 {[%emt 0:00:16]} 31. Ng5 {[%emt 0:01:12]} Bxg5 {[%emt 0:01:04]} 32. fxg5 {[%emt 0:00:07]} Ne7 {[%emt 0:00:59]} 33. Bf4 {[%emt 0:00:28]} Rbc8 {[%emt 0:01:03]} 34. Re5 {[%emt 0:00:44]} Nd5 {[%emt 0:01:49]} 35. Rae1 {[%emt 0:02:49]} Kf7 {[%emt 0:00:24]} 36. Bd2 {[%emt 0:01:30]} Qb6 37. Ra1 1/2-1/2

[Event "FRA-ch Youth U16 2018"]
[Site "Agen"]
[Date "2018.04.20"]
[Round "7"]
[White "Vlachos, Anatole"]
[Black "Degraeve, Remy"]
[Result "1-0"]
[WhiteElo "2346"]
[BlackElo "2294"]
[Annotator "NA"]
[PlyCount "75"]
[EventDate "2018.??.??"]
[EventType "swiss"]
[EventCountry "FRA"]
[SourceTitle "playchess.com"]
[Source "ChessBase"]
[SourceQuality "1"]
[TimeControl "5400+30"]

1. b3 {[%emt 0:00:00]} d5 {[%emt 0:00:25]} 2. Bb2 {[%emt 0:00:00]} Bg4 {[%emt 0:00:02]} 3. g3 {[%emt 0:00:28]} Nc6 {[%emt 0:02:53]} 4. h3 {[%emt 0:00:33]} Bh5 {[%emt 0:00:31]} 5. Bg2 {[%emt 0:00:09]} e5 {[%emt 0:00:28]} 6. Nf3 {[%emt 0:00:36]} Bd6 {[%emt 0:01:47]} 7. c4 {[%emt 0:04:17]} d4 {[%emt 0:02:26]} 8. d3 {[%emt 0:01:18]} f5 {[%emt 0:02:30]} 9. Nbd2 {[%emt 0:03:16]} Nf6 {[%emt 0:00:42]} 10. Qc2 {[%emt 0:04:32]} Qe7 {[%emt 0:01:48]} 11. Nh4 {[%emt 0:02:18]} g6 {[%emt 0:00:38]} 12. a3 {[%emt 0:03:41]} a5 {[%emt 0:00:21]} 13. O-O {[%emt 0:02:34]} O-O {[%emt 0:02:08]} (13... Bxe2 14. Rfe1 $18) 14. Rfe1 {[%emt 0:04:56]} e4 $2 {[%emt 0:04:27]} (14... Bc5 $17 {keeps the pressure on.}) 15. dxe4 {[%emt 0:02:14]} f4 {[%emt 0:00:04]} 16. g4 {[%emt 0:03:39]} Nxg4 {[%emt 0:08:43]} 17. hxg4 {[%emt 0:00:11]} Qxh4 $2 {[%emt 0:00:45]} (17... Bxg4 18. Nhf3 Bc5) 18. gxh5 {[%emt 0:01:03]} g5 {[%emt 0:01:53]} 19. Nf3 {[%emt 0:10:43]} Qxh5 {[%emt 0:00:16]} 20. e5 {[%emt 0:00:06]} Bc5 {[%emt 0:02:53]} 21. Qe4 {[%emt 0:05:59]} Rad8 {[%emt 0:00:59]} (21... g4 $142) 22. b4 {[%emt 0:00:09]} axb4 {[%emt 0:00:05]} 23. axb4 {[%emt 0:00:04]} Bxb4 {[%emt 0:00:44]} 24. Nxd4 {[%emt 0:01:36]} Bxe1 {[%emt 0:01:41]} 25. Nxc6 {[%emt 0:01:54]} ({Much less strong is} 25. Rxe1 Nxd4 26. Bxd4 Qg6 $18) 25... Bxf2+ {[%emt 0:02:11]} 26. Kxf2 {[%emt 0:00:22]} bxc6 {[%emt 0:06:05]} 27. e6 {[%emt 0:02:11]} f3 {[%emt 0:00:02]} 28. e7 {[%emt 0:09:51]} fxg2+ {[%emt 0:00:59]} 29. Kxg2 {[%emt 0:00:33]} Qf7 {[%emt 0:01:17]} (29... Rde8 $18) 30. exd8=Q {[%emt 0:02:24]} Qf2+ {[%emt 0:02:27]} 31. Kh1 {[%emt 0:02:05]} Rxd8 {[%emt 0:00:08]} 32. Rg1 {[%emt 0:00:40]} Kf8 {[%emt 0:02:09]} 33. Ba3+ {[%emt 0:03:55]} c5 {[%emt 0:00:59]} 34. e3 {[%emt 0:01:05]} Qf6 {[%emt 0:04:51]} 35. Bxc5+ {[%emt 0:01:37]} Kg8 {[%emt 0:00:20]} 36. Bd4 {[%emt 0:00:53]} Qh6+ {[%emt 0:00:20]} 37. Kg2 {[%emt 0:00:06]} c5 {[%emt 0:07:06]} 38. Rh1 {[%emt 0:00:47]} 1-0

[Event "FRA-ch Youth U16 2018"]
[Site "Agen"]
[Date "2018.04.20"]
[Round "7"]
[White "Travadon, Loic"]
[Black "Robert, Mathias"]
[Result "1-0"]
[WhiteElo "2344"]
[BlackElo "2171"]
[Annotator "NA"]
[PlyCount "74"]
[EventDate "2018.??.??"]
[EventType "swiss"]
[EventCountry "FRA"]
[SourceTitle "playchess.com"]
[Source "ChessBase"]
[SourceQuality "1"]
[TimeControl "5400+30"]

1. d4 {[%emt 0:00:00]} Nf6 {[%emt 0:00:07]} 2. c4 {[%emt 0:00:00]} g6 {[%emt 0:00:00]} 3. Nc3 {[%emt 0:00:00]} Bg7 {[%emt 0:00:00]} 4. e4 {[%emt 0:00:00]} d6 {[%emt 0:00:02]} 5. Nf3 {[%emt 0:00:00]} O-O {[%emt 0:00:04]} 6. Be2 {[%emt 0:00:00]} e5 {[%emt 0:00:04]} 7. d5 {[%emt 0:00:00]} a5 {[%emt 0:00:15]} 8. Bg5 {[%emt 0:00:00]} h6 {[%emt 0:00:05]} 9. Be3 {[%emt 0:00:01]} Ng4 {[%emt 0:05:43] E92: King's Indian: Classical: 6 Be2 e5: 7 dxe5, 7 Be3 and Petrosian System without 7...Nbd7} 10. Bd2 {[%emt 0:00:04]} f5 {[%emt 0:03:21]} 11. h3 {[%emt 0:00:10]} Nf6 {[%emt 0:00:17]} 12. exf5 {[%emt 0:00:04]} gxf5 {[%emt 0:00:26]} 13. Qc1 {[%emt 0:00:03]} Kh7 {[%emt 0:05:04]} (13... f4 14. g3 e4 15. Nh4 e3 16. fxe3 fxg3 17. Ng6 {½-½ (69) Erdos,V (2628)-Amin,B (2680) Tbilisi 2017}) 14. g4 {[%emt 0:00:12]} Ne4 {[%emt 0:00:27]} 15. Nxe4 {[%emt 0:00:43]} fxe4 {[%emt 0:00:18]} 16. Qc2 {[%emt 0:00:06]} Nd7 {[%emt 0:05:46]} 17. Qxe4+ {[%emt 0:00:12]} Kh8 $146 {[%emt 0:00:32]} 18. Be3 {[%emt 0:05:21]} Qe7 {[%emt 0:22:17]} (18... b6 $16 {was worth a try.} 19. g5 Nc5) 19. O-O-O {[%emt 0:07:11]} b6 {[%emt 0:14:54]} (19... Nc5 $142 20. Bxc5 Rf4) 20. Bd3 {[%emt 0:04:33]} Nf6 {[%emt 0:01:28]} 21. Nh4 {[%emt 0:00:05]} ({Less strong is} 21. Qg6 e4 $14) 21... Qe8 {[%emt 0:10:04]} 22. Qg2 {[%emt 0:01:25]} e4 {[%emt 0:03:05]} 23. Bc2 {[%emt 0:00:05]} Kg8 {[%emt 0:02:49]} 24. Rhg1 {[%emt 0:01:04]} Rf7 {[%emt 0:04:17]} 25. Bd4 {[%emt 0:02:06]} Qe7 {[%emt 0:02:51]} 26. Ng6 {[%emt 0:02:11]} Qe8 {[%emt 0:01:17]} 27. Rde1 {[%emt 0:00:32]} Ba6 {[%emt 0:01:34]} (27... Bd7 $142 28. g5 (28. Bxe4 Nxe4 29. Rxe4 Bxd4 $18) 28... Ng4 29. Bxg7 Rxg7 30. gxh6 Rxg6 31. Bxe4 Rxh6) 28. b3 {[%emt 0:01:58]} a4 {[%emt 0:00:15]} (28... Nh7 $142 29. Rxe4 Qd8) 29. Bxe4 {[%emt 0:01:24]} Nxe4 {[%emt 0:00:42]} 30. Rxe4 $18 {[%emt 0:00:39]} Qd8 {[%emt 0:00:28]} 31. Bxg7 {[%emt 0:01:00]} Qg5+ {[%emt 0:01:06]} 32. f4 {[%emt 0:00:10]} Qxg6 {[%emt 0:00:07]} 33. Bc3 {[%emt 0:00:17]} axb3 {[%emt 0:00:14]} 34. axb3 {[%emt 0:00:12]} b5 {[%emt 0:03:11]} 35. f5 {[%emt 0:01:08]} Qg5+ {[%emt 0:00:05]} 36. Qd2 {[%emt 0:00:03]} Qh4 {[%emt 0:00:15]} 37. Re6 {[%emt 0:00:24]} Qg5 {[%emt 0:00:59]} 1-0

[Event "FRA-ch Youth U16 2018"]
[Site "Agen"]
[Date "2018.04.20"]
[Round "7"]
[White "Harutyunyan, Ruben"]
[Black "Joly, Julien"]
[Result "1-0"]
[WhiteElo "2305"]
[BlackElo "1844"]
[Annotator "NA"]
[PlyCount "57"]
[EventDate "2018.??.??"]
[EventType "swiss"]
[EventCountry "FRA"]
[SourceTitle "playchess.com"]
[Source "ChessBase"]
[SourceQuality "1"]
[TimeControl "5400+30"]

1. e4 {[%emt 0:00:00]} c5 {[%emt 0:00:25]} 2. Nf3 {[%emt 0:00:00]} Nc6 {[%emt 0:00:09]} 3. d4 {[%emt 0:00:00]} cxd4 {[%emt 0:00:06]} 4. Nxd4 {[%emt 0:00:00]} Qb6 {[%emt 0:00:27]} 5. Nb3 {[%emt 0:00:00]} Nf6 {[%emt 0:00:14]} 6. Nc3 {[%emt 0:00:00]} e6 {[%emt 0:00:09]} 7. Bd3 {[%emt 0:00:00] LiveBook: 1150 Games} a6 {[%emt 0:00:09]} 8. Be3 {[%emt 0:00:00]} Qc7 {[%emt 0:00:06]} 9. f4 {[%emt 0:00:00]} d6 {[%emt 0:00:35]} 10. Qf3 {[%emt 0:00:04]} Be7 {[%emt 0:04:45]} 11. O-O {[%emt 0:01:09]} O-O {[%emt 0:08:44]} 12. g4 {[%emt 0:00:05]} Nb4 {[%emt 0:28:31] B33: Sicilian: Pelikan and Sveshnikov Variations} (12... b5 13. g5 Nd7 14. Qh5 g6 15. Qh6 Re8 16. Rf3 Bf8 17. Qh4 Qd8 18. Raf1 Bb7 19. Rh3 h6 20. Nd4 Nxd4 21. Bxd4 e5 22. Be3 exf4 23. Bxf4 Ne5 24. gxh6 Qxh4 25. Rxh4 {½-½ (55) Ponomariov,R (2743)-Akopian,V (2678) Moscow 2002}) 13. g5 {[%emt 0:02:04]} Nd7 {[%emt 0:02:08] [#]} 14. Qh3 $146 {[%emt 0:02:37]} ({Predecessor:} 14. Qh5 b5 15. Rf3 Re8 16. Rc1 g6 17. Qh4 Nxd3 18. cxd3 Qd8 19. Ne2 Bf8 20. Ned4 {½-½ (37) Plomp,M (2557)-Gmuer,A (2490) Switzerland 2003}) 14... Nxd3 {[%emt 0:04:19]} 15. cxd3 {[%emt 0:00:07]} Re8 {[%emt 0:12:10]} 16. f5 {[%emt 0:10:10]} Bf8 $2 {[%emt 0:01:19] [#]} ({Black should play} 16... exf5 $14 17. exf5 (17. Qxf5 Ne5 $15) (17. Nd5 Qd8 $11) 17... Ne5) 17. fxe6 $1 {[%emt 0:11:10]} fxe6 {[%emt 0:09:16]} 18. d4 $16 {[%emt 0:09:40]} b5 {[%emt 0:07:16]} 19. g6 {[%emt 0:11:53]} hxg6 {[%emt 0:03:06]} 20. Qg4 {[%emt 0:00:48]} b4 {[%emt 0:05:18]} 21. Qxg6 {[%emt 0:01:15]} Re7 {[%emt 0:01:37]} 22. Bg5 {[%emt 0:06:45]} Nb6 {[%emt 0:03:06]} 23. Rf3 {[%emt 0:02:29]} e5 {[%emt 0:05:18]} 24. Raf1 {[%emt 0:06:26]} Be6 {[%emt 0:02:40]} 25. Bxe7 {[%emt 0:00:33]} Qxe7 {[%emt 0:00:09]} 26. d5 {[%emt 0:00:47]} Nxd5 {[%emt 0:00:54]} 27. Nxd5 {[%emt 0:00:29]} Bxd5 {[%emt 0:00:08]} 28. exd5 {[%emt 0:00:08]} Qh4 {[%emt 0:00:29]} 29. Qe6+ {[%emt 0:00:05]} 1-0